000 00916nam a2200277 i 4500
003 EG-GICUC
005 20260505090149.0
008 260505s1979 ge ||||fr|||| 00| 0 ger d
040 _aEG-GiCUC
_beng
_cEG-GiCUC
_dEG-GiCUC
_eRda
041 _ager
082 0 4 _221
_a343
_bDE . X
092 0 4 _221
099 _aLaw1 10 343 DE . X 1997
110 _aDeutsche Landesgruppe Der Internationalen Strafrechtsvereinigung
_eAuthor.
245 _aXII.Internationaler Strafrechtskongreß/
_cDeutsche Landesgruppe Der Internationalen Strafrechtsvereinigung.
264 1 _aHamburg:
_c1997.
300 _a85 page ;
_c 24 cm.
336 _2rda contenu
_a texte
337 _2rda medias
_aOrdinateur
338 _2 transporteur rda
_a Ressource en ligne
546 _a Text in German
650 1 _aCriminal Law
856 4 0 _uhttps://fll.law.cu.edu.eg/fulltext/bks/B10-11236.pdf
905 _a59
942 _2ddc
_n0
_cBK
_e21
999 _c75596
_d75596